000 00515nam a22001697a 4500
999 _c3817
_d3817
008 200702b ||||| |||| 00| 0 eng d
020 _cRs. 4.00
041 0 _aeng
082 0 0 _a726.1409548
_bM712
110 _91726
_aMinistry of information and Broad Casting, India.
245 1 0 _aTemples of South India
_cby Ministry of information and Broad Casting, India.
260 _aDelhi :
_bMinistry of information and Broad Casting,
_c1960.
300 _a52 p.
365 _bINR 4.00
650 0 _aTemples
942 _cBK